00578nam a22001817a 450000500170000000800410001702000180005804000150007608200220009110000440011324500520015725000060020926000570021530000200027265000500029270000360034271000180037820260406162708.0260406b |||||||| |||| 00| 0 eng d a9788198505521 cSGVUdSGVU 222a632.95bKUS A aKuriyal Suniti Kumar And Bharti Chauhan aAnalytical Techniques in Plant SciencehEnglish a1 aAmbala HaryanabA K International Publication c2025 a160pbPaperback aAnalytical Techniques in Plant SciencezIndia aShukla Deepti and Keshav Shukla aPandey Adarsh